| 000 | 00344pam a2200133 a 4500 | ||
|---|---|---|---|
| 020 | _c | ||
| 041 | _h | ||
| 082 |
_a050 _bFRA |
||
| 100 |
_aFrank E , Ferrante , _eAuthor . |
||
| 245 |
_aIT Professional Vol - 6 , Jan - Dec 2004 _hBound Volumes |
||
| 260 |
_a[s.l]: _bIEEE Computer Society , _c2004. |
||
| 300 |
_a0: _bHB; _c28*20. |
||
| 930 | _a15972 | ||
| 999 |
_c59193 _d59193 |
||